Možnosti uplatnenia aktivizujúcich metód vo vyučovaní poisťovníctva: prípadová štúdia
Možnosti uplatnenia aktivizujúcich metód vo vyučovaní poisťovníctva. Okrem vymedzenia teoretických prístupov k vyučovaniu a základných typov aktivizujúcich metód analyzujú sa možnosti využitia aktivizujúcich metód pri výučbe poisťovníctva na základe prípadovej štúdie využívania ekonomickej hry.
Gespeichert in:
| 1. Verfasser: | |
|---|---|
| Format: | Buchkapitel |
| Sprache: | Slowakisch |
| Schlagworte: | |
| Tags: |
Keine Tags, Fügen Sie das erste Tag hinzu!
|
MARC
| LEADER | 00000nla a2200000 4500 | ||
|---|---|---|---|
| 001 | 0226114 | ||
| 005 | 20240502073720.0 | ||
| 041 | 0 | |a slo | |
| 044 | |a SK | ||
| 245 | 1 | 0 | |a Možnosti uplatnenia aktivizujúcich metód vo vyučovaní poisťovníctva: prípadová štúdia |c Zuzana Brokešová |
| 520 | |a Možnosti uplatnenia aktivizujúcich metód vo vyučovaní poisťovníctva. Okrem vymedzenia teoretických prístupov k vyučovaniu a základných typov aktivizujúcich metód analyzujú sa možnosti využitia aktivizujúcich metód pri výučbe poisťovníctva na základe prípadovej štúdie využívania ekonomickej hry. | ||
| 610 | 2 | 0 | |a poisťovníctvo |
| 610 | 2 | 0 | |a vyučovanie |
| 610 | 2 | 0 | |a metódy |
| 610 | 2 | 0 | |a výučba vedecká |
| 610 | 2 | 0 | |a efektívnosť |
| 610 | 2 | 0 | |a hry ekonomické |
| 610 | 2 | 0 | |a štúdie prípadové |
| 100 | 1 | |a Brokešová, Zuzana, 1985- | |